LEADER 01574nam a2200349 a 4500 001 000000171628 003 CaOOAMICUS 005 20190320112755.0 008 190320s2019 it u000 u ita r 020 $a978-88-9317-888-4* 032 $aLibriCat 040 $aPUL$bita 082 04$a343.45 110 1 $aItalia.$0(OLS)http://pul/name/1188 245 10$aCodici penali militari e ordinamento militare : $bcon tutte le ultime modifiche all'ordinamento militare /$ca cura di Adolfo Tencati. 250 $a21.ed. 260 $aPiacenza :$bLa Tribuna,$c©2019. 300 $a1380 p. ;$c19 cm 490 1 $aI codici commentati con la giurisprudenza 2019 500 $aTesto su due colonne. 500 $aSulla coperta: Aggiornato alla G.U. n. 275 del 26 novembre 2018. 650 4$aCodice militare$zEuropa.$0(OLS)http://pul/subject/21796 700 1 $aTencati, Adolfo.$0(OLS)http://pul/name/66021 830 2$aI codici commentati con la giurisprudenza.$0(OLS)http://pul/title/135813 850 $aPUL 852 $aPUL$W1$xSL Diritto e Scienze Sociali 3$y79$m348. 45 COD 3.2.98$j195423$qDDC 21$B200284$CPULBib$Z2$F200284 $H132499 $81 941 1 $a9 996 $6020$a978-88-9317-888-4*$9(OLS)http://pul/number/165856 996 $6082$a343.45$9(OLS)http://pul/classification/467 996 $6245$aCodici penali militari e ordinamento militare : $bcon tutte le ultime modifiche all'ordinamento militare$9(OLS)http://pul/title/212437 996 $6260$aPiacenza :$bLa Tribuna$9(OLS)http://pul/publisher/69734 LEADER 01766nam a2200337 a 4500 001 000000138673 003 CaOOAMICUS 005 20140609095117.0 008 140609s2011 it u000 u ita r 020 $a978-88-498-2831-3 040 $aPUL$bita 082 04$a261.8 245 00$aAgli amici della veritą e della caritą :$bcontesti, letture e discussioni dell'Enciclica Caritas in veritate di Benedetto XVI /$ca cura di Giuseppe Franco ; prefazione di mons. Fernando Filoni. 246 33$aContesti, letture e discussioni dell'Enciclica Caritas in veritate di Benedetto XVI 260 $aSoveria Mannelli :$bRubbettino,$c©2011. 300 $a248 p. ;$c24 cm 490 1 $aRubbettino universitą 504 $aBibliografia in nota. 610 24$aPapi (2005-2013 : Benedictus XVI)$tCaritas in veritate$xCommenti.$0(OLS)http://pul/subject/37201 700 1 $aFranco, Giuseppe,$d1981-$0(OLS)http://pul/name/70403 700 1 $aFiloni, Fernando.$0(OLS)http://pul/name/89420 830 0$aRubbettino universitą.$0(OLS)http://pul/title/157245 850 $aPUL 852 $aPUL$W1$xSL Religione 3$y85$m261. 8 FRAGI 1$j160062$qDDC 21$B159529$CPULBib$Z2$F159529 $H124167 $82 941 1 $a9 996 $6020$a978-88-498-2831-3 $9(OLS)http://pul/number/155427 996 $6082$a261.8$9(OLS)http://pul/classification/367 996 $6245$aAgli amici della veritą e della caritą :$bcontesti, letture e discussioni dell'Enciclica Caritas in veritate di Benedetto XVI$9(OLS)http://pul/title/175565 996 $6246$aContesti, letture e discussioni dell'Enciclica Caritas in veritate di Benedetto XVI$9(OLS)http://pul/title/175566 996 $6260$aSoveria Mannelli :$bRubbettino$9(OLS)http://pul/publisher/51639